000
00331nam a2200133Ia 4500
001
137716
003
229786
005
20201025200017.0
008
||||||n9999 ||| || ||
100
_a
Amaya Rueda, Ramón Oswado
_9
168456
245
0
_a
Regalías por la exportación del agua potable
562
_e
2
942
_c
TESIS
999
_c
137716
_d
137716